Charles Bukowski Bibliography - Statistics

General Stats
  • This quiz has been taken 18 times
    2 since last reset
  • The average score is 3 of 200
Answer Stats
Type Year Name % Correct
Novel 1975 Factotum
100%
Novel 1982 Ham on Rye
50%
Novel 1971 Post Office
50%
Novel 1994 Pulp
50%
Novel 1978 Women
50%
Recording 2006 12 Great Americans
0%
Short Story 1983 25 Bums in Rags
0%
Short Story 1983 3 Chickens
0%
Short Story 1983 3 Women
0%
Recording 1997 70 Minutes in Hell
0%
Short Story 1983 900 Pounds
0%
Recording 1977 90 Minutes in Hell
0%
Short Story 1983 A .45 to Pay the Rent
0%
Short Story 1983 A Bad Trip
0%
Short Story Collection 2010 Absence of the Hero
0%
Poetry Collection 1969 A Bukowski Sampler
0%
Recording 1972 A Cold Turkey Press Special
0%
Short Story 1983 A Couple of Gigolos
0%
Short Story 1983 A Dollar and Twenty Cents
0%
Short Story 1983 A Drinking Partner
0%
Short Story 1983 A Favor for Don
0%
Short Story Collection 1966 All the A**holes in the World and Mine
0%
Short Story 1983 All the Great Writers
0%
Short Story 1983 All the Pussy We Want
0%
Short Story 1983 A Lovely Love Affair
0%
Short Story 1983 An Evil Town
0%
Short Story 1983 Animal Crackers in My Soup
0%
Short Story 1983 Another Horse Story
0%
Short Story 1983 A Popular Man
0%
Short Story 1983 A Quiet Conversation Piece
0%
Short Story 1983 A Rain of Women
0%
Recording 1968 | 1998 At Terror Street and Agony Way
0%
Short Story 1983 A White Pussy
0%
Short Story 1983 A Working Day
0%
Recording 1991 Beat Scene Magazine #12
0%
Short Story 1983 Beer and Poets and Talks
0%
Short Story 1983 Beer at the Corner Bar
0%
Letter Collection 2001 Beerspit Night and Cursing: The Correspondence of Charles Bukowski and Sheri Martinelli
0%
Poetry Collection 1996 Betting on the Muse: Poems and Stories
0%
Poetry Collection 1998 Bone Palace Ballet
0%
Recording 2003 Born Into This
0%
Short Story 1983 Broken Merchandise
0%
Recording 2007 Bukowski at Baudelaire's
0%
Recording 1988 | 2004 Bukowski at Bellevue
0%
Recording 2010 Bukowski at the San Francisco Museum of Art
0%
Recording 1980 | 2004 Bukowski Reads His Poetry
0%
Poetry Collection 1974 Burning in Water, Drowning in Flames: Selected Poems
0%
Recording 1985 Cassette Gazette
0%
Recording 2000 Charles Bukowski: Uncensored
0%
Short Story 1983 Cold Night
0%
Poetry Collection 2006 Come on In!
0%
Short Story Collection 1965 Confessions of a Man Insane to Live with Beasts
0%
Poetry Collection 1965 Crucifix in a Deathhand
0%
Short Story 1983 C**t and Kant and a Happy Home
0%
Poetry Collection 1981 Dangling in the Tournefortia
0%
Short Story 1983 Decline and Fall
0%
Short Story 1983 Doing Time with Public Enemy No. 1
0%
Recording 1983 English as a Second Language
0%
Short Story Collection 1972 Erections, Ejaculations, Exhibitions, and General Tales of Ordinary Madness
0%
Short Story 1983 Eyes Like the Sky
0%
Poetry Collection 1970 Fire Station
0%
Poetry Collection 1960 Flower, Fist, and Bestial Wall
0%
Short Story 1983 Flower Horse
0%
Short Story 1983 Fooling Marie
0%
Short Story 1983 Goodbye Watson
0%
Short Story 1983 Great Poets Die in Steaming Pots of Sh*t
0%
Short Story 1983 Harry Ann Landers
0%
Short Story 1983 Have You Read Pirandello?
0%
Short Story 1983 Head Job
0%
Recording 1978 | 2008 Hello. It's Good to Be Back.
0%
Novel 1989 Hollywood
0%
Short Story 1983 Home Run
0%
Recording 1985 | 1994 Hostage
0%
Short Story 1983 Hot Lady
0%
Short Story Collection 1983 Hot Water Music
0%
Short Story 1983 How To Get Published
0%
Short Story 1983 I Love You Albert
0%
Short Story 1983 In and Out and Over
0%
Short Story 1983 I Shot a Man in Reno
0%
Poetry Collection 1963 It Catches My Heart In Its Hand
0%
Short Story 1983 It's a Dirty World
0%
Short Story 1983 Kid Stardust on the Porterhouse
0%
Recording 1995 King of Poets
0%
Short Story 1983 Less Delicate than the Locust
0%
Short Story 1983 Life and Death in the Charity Ward
0%
Short Story 1983 Life in a Texas W****house
0%
Letter Collection 1995 Living on Luck: Selected Letters, Vol. 2
0%
Short Story 1983 Long Distance Drunk
0%
Poetry Collection 1977 Love Is a Dog from Hell
0%
Short Story 1983 Love It or Leave It
0%
Poetry Collection 1977 Maybe Tomorrow
0%
Poetry Collection 1972 Mockingbird Wish Me Luck
0%
Essay Collection 2011 More Notes of a Dirty Old Man: The Uncollected Columns
0%
Recording 1986 Movable Feast #3
0%
Short Story 1983 My Big-Assed Mother
0%
Short Story 1983 My Stay in the Poet's Cottage
0%
Recording 1984 Neighborhood Rhythms
0%
Short Story 1983 Night Streets of Madness
0%
Short Story 1983 Non-Horsesh*t Horse Advice
0%
Short Story 1983 No Stockings
0%
Short Story Collection 1969 Notes of a Dirty Old Man
0%
Short Story 1983 Notes of a Potential Suicide
0%
Short Story 1983 Notes on the Pest
0%
Short Story 1983 Not Quite Bernadette
0%
Short Story 1983 Nut Ward Just East of Hollywood
0%
Poetry Collection 2015 On Cats
0%
Short Story Collection 2019 On Drinking
0%
Short Story 1983 One for Walter Lowenfels
0%
Recording 2010 One Tough Mother, Disc 1: There's Gonna Be a God D**n Riot in Here
0%
Recording 2010 One Tough Mother, Disc 2: The Last Straw
0%
Poetry Collection 2016 On Love
0%
Non-Fiction Book 2015 On Writing
0%
Poetry Collection 2000 Open All Night
0%
Poetry Collection 1991 People Poems
0%
Poetry Collection 1979 Play the Piano Drunk Like a Percussion Instrument Until the Fingers Begin to Bleed a Bit
0%
Poetry Collection 1968 Poems Written Before Jumping Out of an 8 Story Window
0%
Recording 1968 Poetry - Charles Bukowski, Steven Richmond
0%
Recording 2008 Poetry of Charles Bukowski
0%
Short Story 1983 Politics is Like Trying to Screw a Cat in the Ass
0%
Short Story and Essay Collection 2008 Portions from a Wine-stained Notebook: Short Stories and Essays
0%
Short Story 1983 Praying Mantis
0%
Short Story Collection 1997 Prying
0%
Short Story 1983 Purple as an Iris
0%
Short Story 1983 Rape! Rape!
0%
Letter Collection 1999 Reach for the Sun: Selected Letters, Vol. 3
0%
Short Story 1983 Reunion
0%
Recording 1998 Run with the Hunted
0%
Short Story 1983 Scenes from the Big Time
0%
Letter Collection 1993 Screams from the Balcony: Selected Letters
0%
Short Story 1983 Scream When You Burn
0%
Short Story 1983 Scum Grief
0%
Poetry Collection 1990 Septuagenarian Stew: Stories & Poems
0%
Non-Fiction Book 1979 Shakespeare Never Did This
0%
Poetry Collection 2003 Sifting Through the Madness for the Word, the Line, the Way
0%
Short Story 1983 Six Inches
0%
Poetry Collection 2005 Slouching Toward Nirvana
0%
Recording 2004 Solid Citizen
0%
Short Story 1983 Some Hangover
0%
Short Story 1983 Some Mother
0%
Short Story Collection 1973 South of No North
0%
Short Story 1983 Spider
0%
Poetry Collection 2017 Storm for the Living and the Dead
0%
Short Story 1983 Strokes to Nowhere
0%
Interview Collection 2003 Sunlight Here I Am: Interviews and Encounters, 1963-1993
0%
Short Story 1983 (Swastika Symbol)
0%
Short Story 1983 Tales of Ordinary Madness
0%
Short Story 1983 Ten Jack-Offs
0%
Short Story 1983 The Beginner
0%
Short Story Collection 2015 The Bells Toll for No One
0%
Short Story 1983 The Big Pot Game
0%
Short Story 1983 The Birth, Life and Death of an Underground Newspaper
0%
Short Story 1983 The Blanket
0%
Non-Fiction Book 1983 The Bukowski/Purdy Letters
0%
Journal Collection 1998 The Captain Is Out to Lunch and the Sailors Have Taken Over the Ship
0%
Recording 1987 The Charles Bukowski Tapes
0%
Poetry Collection 2009 The Continual Condition
0%
Short Story 1983 The Copulating Mermaid of Venice, Calif
0%
Poetry Collection 1969 The Days Run Away Like Wild Horses Over the Hills
0%
Short Story 1983 The Day We Talked About James Thurber
0%
Short Story 1983 The Death of the Father I
0%
Short Story 1983 The Death of the Father II
0%
Short Story 1983 The Fiend
0%
Short Story 1983 The F**k Machine
0%
Poetry Collection 2004 The Flash of the Lightning Behind the Mountain
0%
Short Story 1983 The Great Poet
0%
Short Story 1983 The Great Zen Wedding
0%
Short Story 1983 The Gut-Wringing Machine
0%
Poetry Collection 1992 The Last Night of the Earth Poems
0%
Recording 2008 The Last Straw
0%
Short Story 1983 The Man Who Loved Elevators
0%
Non-Fiction Book 2018 The Mathematics of the Breath and the Way: On Writers and Writing
0%
Short Story Collection 1983 The Most Beautiful Woman in Town & Other Stories
0%
Short Story 1983 The Murder of Ramon Vasquez
0%
Poetry Collection 2001 The Night Torn Mad with Footsteps
0%
Poetry Collection 2007 The People Look Like Flowers at Last
0%
Poetry Collection 2007 The Pleasures of the Damned: Selected Poems 1951-1993
0%
Recording 2008 There's Gonna Be a God D**n Riot in Here
0%
Poetry Collection 1988 The Roominghouse Madrigals
0%
Short Story 1983 The Stupid Christs
0%
Short Story 1983 The Upward Bird
0%
Short Story 1983 The White Beard
0%
Recording 2015 Thomas Schmitt Film, 1978 Hamburg Reading
0%
Short Story 1983 Too Sensitive
0%
Recording 1976 Totally Corrupt, The Dial-A-Poem Poets
0%
Short Story 1983 Trouble with a Battery
0%
Short Story 1983 Turkeyneck Morning
0%
Short Story 1983 Twelve Flying Monkeys Who Won't Copulate Properly
0%
Recording 2007 Underwater Poetry Festival
0%
Recording 1982 Voices of the Angels
0%
Poetry Collection 1984 War All the Time: Poems 1981-1984
0%
Poetry Collection 1999 What Matters Most Is How Well You Walk Through the Fire
0%
Short Story 1983 White Dog Hunch
0%
Short Story 1983 Would You Suggest Writing as a Career?
0%
Poetry Collection 1986 You Get So Alone at Times That It Just Makes Sense
0%
Short Story 1983 You Kissed Lily
0%
No matching quizzes found
Score Distribution
Percent of People with Each Score
Percentile by Number Answered
Your Score History
You have not taken this quiz since the last reset